Medical and biological physics / (Record no. 135046)
[ view plain ]
| 000 -LEADER | |
|---|---|
| fixed length control field | 00783cam9a220021700 4500 |
| 001 - CONTROL NUMBER | |
| control field | tmp15687967 |
| 003 - CONTROL NUMBER IDENTIFIER | |
| control field | UPRA |
| 005 - DATE AND TIME OF LATEST TRANSACTION | |
| control field | 20190822121611.0 |
| 008 - FIXED-LENGTH DATA ELEMENTS--GENERAL INFORMATION | |
| fixed length control field | 951004s1961 at eng u |
| 035 ## - SYSTEM CONTROL NUMBER | |
| System control number | (Sirsi) r52459 |
| 035 ## - SYSTEM CONTROL NUMBER | |
| System control number | (UPRA)tmp15687967 |
| 040 ## - CATALOGING SOURCE | |
| Transcribing agency | UPRA |
| 100 1# - MAIN ENTRY--PERSONAL NAME | |
| Personal name | Webster, H. C. (Hugh Colin), 1905- |
| Fuller form of name | Webster, H. C. (Hugh Colin), 1905- |
| Dates associated with a name | Webster, H. C. (Hugh Colin), 1905- |
| Linkage | A11007.1 |
| 245 10 - TITLE STATEMENT | |
| Title | Medical and biological physics / |
| Statement of responsibility, etc. | by H.C. Webster and D.F. Robertson. |
| 260 ## - PUBLICATION, DISTRIBUTION, ETC. | |
| Place of publication, distribution, etc. | Brisbane : |
| Name of publisher, distributor, etc. | University of Queensland, |
| Date of publication, distribution, etc. | 1961. |
| 650 #0 - SUBJECT ADDED ENTRY--TOPICAL TERM | |
| Topical term or geographic name entry element | Physics. |
| Linkage | S40.2 |
| 650 #0 - SUBJECT ADDED ENTRY--TOPICAL TERM | |
| Topical term or geographic name entry element | Medical physics. |
| Linkage | S7399.1 |
| 700 1# - ADDED ENTRY--PERSONAL NAME | |
| Personal name | Robertson, D. F. (Donald Fyfe) |
| Fuller form of name | Robertson, D. F. (Donald Fyfe) |
| Linkage | A11008.1 |
| 949 ## - LOCAL PROCESSING INFORMATION (OCLC) | |
| a | R895 |
| w | lcc |
| i | -66753 |
| m | MAIN |
| t | BOOK |
| l | ON-SHELF |
No items available.